000 00397 a2200121 4500
001 ART_50956
005 20260410161608.0
008 260409a
245 1 0 _aLas Normas Internacionales de Contabilidad para el sector público
100 1 _aFaccendini, Yanina C.
700 1 _aOubiña, Gabriel H.
773 0 _tProfesional & Empresaria
_g- Año XXI, N° 251 (ago. 2020)
_wREV70
999 _c10329
_d10329